| 000 | 00467 a2200157 4500 | ||
|---|---|---|---|
| 005 | 20250524094647.0 | ||
| 020 | _a978-0-07-352302-6 | ||
| 082 | _aLECT 382. 1 PUG | ||
| 100 | _aPUGEL, T. A. | ||
| 245 | _aInternational Economics. | ||
| 250 | _a13th Ed. | ||
| 260 |
_aBoston, _bMcGraw-Hill, _c2007. |
||
| 300 |
_axxii, 730p.: ill.; charts, graph, table. _bindex, _c23cm. |
||
| 856 |
_yAccess Online Book. _fInternational Economics. _dwww. mhhe.com. |
||
| 942 |
_2ddc _cBKS |
||
| 999 |
_c2610 _d2610 |
||